000
00251nam a2200109Ia 4500
008
200302s9999 xx 000 0 und d
100
_a
Mary Gilliatt
245
_a
Colour Your Home
260
_b
Octopus Books Ltd.
260
_c
1985
300
_a
128 P.,
999
_c
2350
_d
2350